Airline logos - Statistics

General Stats
  • This quiz has been taken 70 times
  • The average score is 11 of 16
Answer Stats
Picture Answer % Correct
Air Canada
95%
American Airlines
92%
Delta
92%
Qantas
87%
Ryanair
84%
Korean Air
79%
Emirates
76%
Thai Airways
68%
South African Airways
65%
Turkish Airlines
63%
Air China
60%
Japan Airlines
60%
Air New Zealand
56%
Air India
45%
Gulf Air
37%
Vistara
24%
No matching quizzes found
Score Distribution
Percent of People with Each Score
Percentile by Number Answered
Your Score History
You have not taken this quiz